| 000 | 01002nac a22003377a 4500 | ||
|---|---|---|---|
| 001 | BR0503628 | ||
| 003 | BR-BrBNA | ||
| 005 | 20240105123208.0 | ||
| 008 | 230509b bl.|||m| |||| 00| 0 por d | ||
| 040 |
_aBR-BrBNA _bpor _cBiblioteca Nacional de Agricultura |
||
| 072 | _aE14; F40; F50 | ||
| 090 | _a1190 BR0503628 | ||
| 100 | 1 | _aMendes, B.V. | |
| 110 | 1 | _aFundação Guimarães Duque, Mossoró, RN (Brasil) | |
| 245 | 1 | _aPlantas das caatingas: umbuzeiro, juazeiro e sabiá | |
| 260 | 3 |
_aMossoró, RN (Brasil): _c2001. |
|
| 300 | _a111 p. | ||
| 490 |
_aColeção Mossoroense. Série C (Brazil) _vno. 1212 _x |
||
| 500 | _a10 tables; 33 illus.; Bibliography p. 101-110 | ||
| 650 | _aUMBU | ||
| 650 | _aJUAZEIRO | ||
| 650 | _aSABIÁ | ||
| 650 | _aCAATINGA | ||
| 650 | _aECOLOGIA VEGETAL | ||
| 650 | _aBOTÂNICA | ||
| 650 | _aCULINÁRIA | ||
| 650 | _aPROJETO DE DESENVOLVIMENTO | ||
| 650 | _aNORDESTE | ||
| 909 |
_a202312 _bLúcia Elande _c55 _dLúcia Elande |
||
| 942 |
_2AGRIS _n0 _cMS |
||
| 999 |
_c294390 _d294390 |
||